Miasta powiatowe - nagła śmierć - Statystyki

Ogólne statystyki
  • Ten quiz został rozwiązany 209 razy
  • Średni wynik to 7 z 25
Answers on the Grid
Answers color-coded by a green-red scale on the quiz's grid according to % correct below.
Rumia
Legionowo
Goleniów
Pruszcz Gdański
Choszczno
Dębica
Kazimierz Dolny
Aleksandrów Łódzki
Ciechocinek
Łęczyca
Zakopane
Wołomin
Skawina
Solec Kujawski
Brodnica
Opatów
Zgierz
Łąck
Knurów
Puck
Strzelin
Łańcut
Czechowice-Dziedzice
Hrubieszów
Reda
Przysucha
Ostrów Mazowiecki
Wejherowo
Sandomierz
Końskie
Karpacz
Wejcherowo
Marki
Krosno Odrzańskie
Ożarów Mazowiecki
Gostyń
Olsztynek
Grodzisk Wielkopolski
Łask
Łęczna
 
Statystyki odpowiedzi
Odpowiedź % Poprawnych
Zakopane
49%
Puck
43%
Hrubieszów
41%
Sandomierz
38%
Końskie
36%
Dębica
35%
Łańcut
35%
Grodzisk Wielkopolski
34%
Wejherowo
34%
Zgierz
34%
Wołomin
32%
Brodnica
31%
Legionowo
31%
Opatów
27%
Gostyń
26%
Przysucha
26%
Choszczno
23%
Łask
23%
Łęczyca
23%
Goleniów
22%
Pruszcz Gdański
22%
Krosno Odrzańskie
20%
Łęczna
20%
Strzelin
19%
Ożarów Mazowiecki
15%
Nie znaleziono quizów pasujących do podanych kryteriów
Rozkład punktacji
Procent ludzi z każdym wynikiem
Percentyl według liczby udzielonych odpowiedzi
Twoja historia wyników
Nie rozwiązałeś tego quizu